Loading...
| Religion | 0 | 4 | 1 | 0 | 35 | 24 | 51.25 | 1 | 3 | 20.01 | 25.51 |
| Science - Biology | 0 | 3 | 1 | 0 | 25 | 23 | 59.33 | 0 | 1 | 11.36 | 18.18 |
| Science - Other | 0 | 2 | 0 | 0 | 20 | 19 | 53.50 | 1 | 1 | 9.31 | 13.31 |
| Popular Culture | 0 | 1 | 0 | 0 | 10 | 91 | 91.00 | 0 | 0 | 4.17 | 8.89 |
| History - American | 0 | 1 | 0 | 0 | 10 | 40 | 40.00 | 0 | 1 | 5.90 | 8.08 |
| Science - Chemistry | 0 | 1 | 0 | 0 | 10 | 127 | 127.00 | 0 | 0 | 0.28 | 3.79 |
| Mythology | 0 | 1 | 0 | 0 | 10 | 103 | 103.00 | 0 | 0 | 1.35 | 3.03 |
| Current Events | 0 | 1 | 1 | 0 | 5 | 10 | 10.00 | 1 | 1 | 18.15 | 20.00 |
| Fine Arts - Classical Music | 0 | 0 | 0 | 0 | 0 | 0.00 | 0 | 0 | 0.00 | 0.00 | |
| Philosophy | 0 | 0 | 1 | 0 | -5 | 0.00 | 0 | 0 | 0.00 | 0.00 | |
| Fine Arts - Painting and Sculpture | 0 | 0 | 1 | 0 | -5 | 0.00 | 0 | 0 | 0.00 | 0.00 |